| 000 | 00325nam a22001337a 4500 | ||
|---|---|---|---|
| 999 |
_c14868 _d14868 |
||
| 020 | _a9789327263336 | ||
| 082 |
_a660.284 _bDHA/GU |
||
| 100 |
_aDhamsaniya, N.K _91346 |
||
| 245 | _aGuide to post harvest unit operations | ||
| 250 | _a2nd rev. | ||
| 260 |
_aLudhiana _bKalyani Publishers _c2016 |
||
| 300 | _a280p | ||
| 942 | _cBK | ||